Sistema Central - Estadísticas

Estadísticas generales
  • Esta prueba ha sido intentada 76 veces
  • La puntuación promedio es 4 de 16
Estadísticas de respuestas
Provincia Sierra % Correcto
Madrid/ Ávila/ Segovia Guadarrama
84%
Ávila Gredos
82%
Salamanca Francia
35%
Salamanca Béjar
32%
Salamanca/ Cáceres Gata
31%
Madrid/ Segovia Somosierra
30%
Segovia/ Guadalajara/ Madrid Ayllón
26%
Ávila Ávila
15%
Ávila Villafranca
7%
Ávila Ojos Albos
5%
Guadalajara/ Soria Pela
5%
Ávila Horcajada
4%
Ávila Hoyocasero
4%
Ávila Piedra Aguda
4%
Guadalajara Alto Rey
3%
Ávila Panamera
1%
No se encontraron pruebas coincidentes
Distribución de puntuación
Porcentaje de gente con cada puntuación
Porcentaje por número respondido
Historial de tus puntuaciones
No has intentado esta prueba.